|
|
|
|
| LEADER |
00000caa a22000002c 4500 |
| 001 |
1632334135 |
| 003 |
DE-627 |
| 005 |
20220607133102.0 |
| 007 |
tu |
| 008 |
150724s2012 xx ||||| 00| ||ger c |
| 035 |
|
|
|a (DE-627)1632334135
|
| 035 |
|
|
|a (DE-576)442583915
|
| 035 |
|
|
|a (DE-599)BSZ442583915
|
| 040 |
|
|
|a DE-627
|b ger
|c DE-627
|e rakwb
|
| 041 |
|
|
|a ger
|
| 100 |
1 |
|
|a Hammes, Winfried
|0 (DE-588)171131789
|0 (DE-627)061301116
|0 (DE-576)131950207
|4 aut
|
| 109 |
|
|
|a Hammes, Winfried
|
| 245 |
1 |
0 |
|a Haushalte und Lebensformen der Bevölkerung
|c Winfried Hammes
|
| 264 |
|
1 |
|c 2012
|
| 336 |
|
|
|a Text
|b txt
|2 rdacontent
|
| 337 |
|
|
|a ohne Hilfsmittel zu benutzen
|b n
|2 rdamedia
|
| 338 |
|
|
|a Band
|b nc
|2 rdacarrier
|
| 773 |
0 |
8 |
|i In
|t Wirtschaft und Statistik
|d Wiesbaden : Statistisches Bundesamt, 1921
|g (2012), 11, Seite 977-989
|w (DE-627)129510750
|w (DE-600)210134-8
|w (DE-576)014917947
|x 0043-6143
|7 nnas
|
| 773 |
1 |
8 |
|g year:2012
|g number:11
|g pages:977-989
|
| 951 |
|
|
|a AR
|
| ELC |
|
|
|b 1
|
| LOK |
|
|
|0 000 xxxxxcx a22 zn 4500
|
| LOK |
|
|
|0 001 3284287825
|
| LOK |
|
|
|0 003 DE-627
|
| LOK |
|
|
|0 004 1632334135
|
| LOK |
|
|
|0 005 20150724130539
|
| LOK |
|
|
|0 008 150724||||||||||||||||ger|||||||
|
| LOK |
|
|
|0 040
|a DE-21-110
|c DE-627
|d DE-21-110
|
| LOK |
|
|
|0 689
|a s
|a Bevölkerungsentwicklung
|
| LOK |
|
|
|0 689
|a s
|a Lebensformen
|
| LOK |
|
|
|0 689
|a s
|a Familienformen
|
| LOK |
|
|
|0 689
|a s
|a Generationsbeziehungen
|
| LOK |
|
|
|0 852
|z Kein Bestand am IfK; Nachweis für KrimDok
|
| LOK |
|
|
|0 852
|a DE-21-110
|
| LOK |
|
|
|0 852 1
|m v
|9 00
|
| LOK |
|
|
|0 938
|k v
|
| LOK |
|
|
|0 939
|a 24-07-15
|b l01
|
| ORI |
|
|
|a SA-MARC-krimdoka001.raw
|